000 00933cab a2200217 4500
001 ABS38823
008 090401t1988 xxu||||| |||| 00| 0 eng d
035 _a(Sirsi) u12567
041 _aeng
100 _aEdwards, M.
245 _aSection 52 agreements and planning gain
260 _c1988
350 _a0
490 _aLaw Society`s Gazette
_v85(5) 3 February 1988, 21-25(3)
520 _aDiscusses points to be considered in a requirement to enter into a section 52 agreement . Begins by outlining the purpose of s52 and how it can be used, before identifying the need for the test of reasonableness of imposing obligations on developers. Also considers the enforcement of s52 agreements and other problems which might occur. References to case law throughout.
650 _aPLANNING GAIN
650 _aTOWN AND COUNTRY PLANNING ACT 1971 S52
690 _aPLANNING LAW AND PRACTICE
942 _n0
948 _c04/03/1997
999 _c8032
_d8032